000 00287nam a22001217a 4500
082 _a920
_bWEB/G
100 _aWEBER,THOMAS
245 _aGANDHI
_bAS DISCIPLE AND MENTOR
260 _aNEW DELHI
_bCAMBRIDGE UNIVERSITY PRESS
300 _a279
650 _aLIFE OF GANDHI
_zINDIA
942 _cBK
999 _c5739
_d5739